Železniční stavitelství I.díl

Saved in:
Bibliographic Details
Main Authors: Klimeš, Ferdinand (Author), Vaverka, Josef (Author)
Format: Book
Language:Czech
Published: Praha : SNTL, 1965
Edition:1.vyd.
Tags: Add Tag
No Tags, Be the first to tag this record!

MARC

LEADER 00000nam a22000003a 4500
001 stu270308
005 20150617230248.7
008 130708s--------cs------------------cze-d
040 |a STU  |b slo 
041 0 |a cze 
044 |a cs 
080 |a 625.1 
100 1 |a Klimeš, Ferdinand  |4 aut 
245 1 |a Železniční stavitelství I.díl 
250 |a 1.vyd. 
260 |a Praha :  |b SNTL,  |c 1965 
300 |a 531 s 
700 1 |a Vaverka, Josef  |4 aut 
996 |b 284V035240  |c V*6314/O-580  |l VVS  |s A  |a 24  |w stu270308_0001